[Event "Zhukovsky Winter op"]
[Site "Zhukovsky"]
[Date "2014.??.??"]
[Round "6"]
[White "Kuznetsov, Yuriy"]
[Black "Spitsyn, Mikhail"]
[Result "1-0"]
[WhiteElo "1806"]
[BlackElo "1785"]
[PlyCount "73"]
[EventDate "2014.11.22"]
[EventType "swiss"]
[EventRounds "9"]
[EventCountry "RUS"]
[SourceTitle "EXT 2016"]
[Source "ChessBase"]
[SourceDate "2015.10.08"]
[SourceVersion "1"]
[SourceVersionDate "2015.10.08"]
[SourceQuality "1"]

1. d4 Nf6 2. g3 c5 3. d5 d6 4. Bg2 g6 5. c4 Bg7 6. Nc3 a6 7. a4 0-0 8. Nf3 Nbd7 9. h3 Nb6 10. Nd2 Nfd7 11. a5 Nxc4 12. Nxc4 b5 13. axb6 Nxb6 14. Nxb6 Qxb6 15. 0-0 Rb8 16. Qc2 Bf5 17. e4 Bd7 18. Re1 Qb7 19. Re2 h5 20. h4 Bd4 21. Kh2 f5 22. Bf4 Rf7 23. e5 dxe5 24. Bxe5 Bxe5 25. Rxe5 Qc7 26. f4 Rb6 27. Qf2 Qb8 28. Re2 e6 29. Na4 Rd6 30. dxe6 Bxe6 31. Rae1 Bd7 32. Nxc5 Bb5 33. Rd2 Qd8 34. Red1 Rff6 35. Qe3 Rxd2 36. Rxd2 Qb6 37. Qe7 1-0

[Event "Zhukovsky op 04"]
[Site "Zhukovsky"]
[Date "2014.??.??"]
[Round "3"]
[White "Novikov, Nikolay"]
[Black "Spitsyn, Mikhail"]
[Result "0-1"]
[WhiteElo "1279"]
[BlackElo "1785"]
[PlyCount "104"]
[EventDate "2014.04.??"]
[EventType "swiss"]
[EventRounds "9"]
[EventCountry "RUS"]
[SourceTitle "EXT 2016"]
[Source "ChessBase"]
[SourceDate "2015.10.08"]
[SourceVersion "1"]
[SourceVersionDate "2015.10.08"]
[SourceQuality "1"]

1. f4 e5 2. fxe5 d6 3. Nf3 Bg4 4. e4 dxe5 5. Bc4 Bc5 6. Bxf7+ Kf8 7. c3 Qd3 8. Rf1 Qxe4+ 9. Qe2 Qxe2+ 10. Kxe2 Kxf7 11. Ke1 Bxf3 12. Rxf3+ Nf6 13. b4 e4 14. Rxf6+ gxf6 15. bxc5 Nd7 16. Ba3 c6 17. c4 Ne5 18. Nc3 f5 19. Ne2 Rhg8 20. Nf4 Rg4 21. g3 Nf3+ 22. Kf2 Rd8 23. Bb4 Ne5 24. h3 Rxf4+ 25. gxf4 Nd3+ 26. Ke2 Nxf4+ 27. Kd1 Nxh3 28. Bc3 Nf2+ 29. Ke2 Ng4 30. Rb1 Rd7 31. Rf1 Ke6 32. Re1 Ne5 33. Bxe5 Kxe5 34. a4 Kd4 35. Rf1 Rf7 36. a5 a6 37. Rf4 Ke5 38. Ke3 Rd7 39. Rf1 f4+ 40. Ke2 h5 41. Rh1 f3+ 42. Ke1 Rh7 43. Kf2 Kd4 44. Rh4 Kd3 45. Ke1 Rg7 46. Rxh5 Rg1+ 47. Kf2 Rg2+ 48. Kf1 Rxd2 49. Rh7 Ke3 50. Kg1 Rd1+ 51. Kh2 f2 52. Rh3+ Ke2 0-1

[Event "Zhukovsky op 04"]
[Site "Zhukovsky"]
[Date "2014.??.??"]
[Round "8"]
[White "Spitsyn, Mikhail"]
[Black "Groisman, Anatoliy"]
[Result "1-0"]
[WhiteElo "1785"]
[BlackElo "1972"]
[PlyCount "113"]
[EventDate "2014.04.??"]
[EventType "swiss"]
[EventRounds "9"]
[EventCountry "RUS"]
[SourceTitle "EXT 2016"]
[Source "ChessBase"]
[SourceDate "2015.10.08"]
[SourceVersion "1"]
[SourceVersionDate "2015.10.08"]
[SourceQuality "1"]

1. d4 Nf6 2. Nc3 d5 3. Bg5 Bf5 4. f3 Nbd7 5. Nxd5 Nxd5 6. e4 h6 7. Bd2 e6 8. exf5 exf5 9. c3 Bd6 10. Qe2+ Kf8 11. 0-0-0 c6 12. Qf2 b5 13. Bd3 g6 14. h4 b4 15. c4 Nf4 16. Bc2 a5 17. Ne2 Nxe2+ 18. Qxe2 Qf6 19. Ba4 Rc8 20. d5 Nb8 21. Be3 c5 22. h5 g5 23. Kb1 Rc7 24. Qf2 f4 25. Bc1 Nd7 26. Bxd7 Rxd7 27. b3 Qf5+ 28. Qc2 Qxc2+ 29. Kxc2 Be5 30. Bb2 Bxb2 31. Kxb2 Ke7 32. Rhe1+ Kd8 33. Re5 Re8 34. Rde1 Rxe5 35. Rxe5 Rd6 36. Kc2 Kd7 37. Kd3 Ra6 38. Re2 a4 39. Ke4 axb3 40. axb3 Ra3 41. Rb2 Ra1 42. Kf5 Rh1 43. Kf6 Rxh5 44. Kxf7 Rh2 45. Ra2 g4 46. fxg4 f3 47. Ra7+ Kd6 48. gxf3 Rf2 49. Ke8 Rxf3 50. Ra6+ Ke5 51. d6 Rxb3 52. d7 Rd3 53. Rxh6 Rxd7 54. Kxd7 Kd4 55. g5 b3 56. g6 b2 57. Rh1 1-0

[Event "Zhukovsky Winter op"]
[Site "Zhukovsky"]
[Date "2014.??.??"]
[Round "8"]
[White "Spitsyn, Mikhail"]
[Black "Novikov, Nikolay"]
[Result "1/2-1/2"]
[WhiteElo "1785"]
[BlackElo "1279"]
[PlyCount "54"]
[EventDate "2014.11.22"]
[EventType "swiss"]
[EventRounds "9"]
[EventCountry "RUS"]
[SourceTitle "EXT 2016"]
[Source "ChessBase"]
[SourceDate "2015.10.08"]
[SourceVersion "1"]
[SourceVersionDate "2015.10.08"]
[SourceQuality "1"]

1. d4 f5 2. e4 fxe4 3. f3 Nf6 4. Nc3 d5 5. fxe4 dxe4 6. Bg5 Bf5 7. Bb5+ c6 8. Bc4 e6 9. h3 Be7 10. g4 Bg6 11. Bxe6 Qd6 12. Bb3 Qg3+ 13. Kf1 h6 14. Bd2 Rf8 15. Qe1 Nxg4+ 16. Ke2 Qg2+ 17. Kd1 Nf2+ 18. Kc1 Qxh1 19. d5 Nxh3 20. Be3 Bh4 21. Qxh4 Rf1+ 22. Kd2 Rxa1 23. Nxh3 Qc1+ 24. Ke2 Qf1+ 25. Kd2 Qc1+ 26. Ke2 Qf1+ 27. Kd2 Qc1+ 1/2-1/2

[Event "Zhukovsky-chA"]
[Site "Zhukovsky"]
[Date "2010.04.01"]
[Round "8"]
[White "Spitsyn, Mikhail"]
[Black "Sidorov, Evgeniy"]
[Result "1/2-1/2"]
[WhiteElo "1887"]
[BlackElo "1958"]
[PlyCount "46"]
[EventDate "2010.04.01"]
[EventType "swiss"]
[EventRounds "9"]
[EventCountry "RUS"]
[SourceTitle "EXT 2022"]
[Source "ChessBase"]
[SourceDate "2021.10.06"]
[SourceVersion "1"]
[SourceVersionDate "2021.10.06"]
[SourceQuality "1"]

1. d4 d6 2. e4 Nf6 3. Nc3 c6 4. Bg5 Qa5 5. Bd2 Qb6 6. e5 dxe5 7. dxe5 Ng4 8. Qe2 Qxb2 9. Rb1 Qxc2 10. g3 Qf5 11. Bh3 Qg6 12. f3 h5 13. fxg4 hxg4 14. Bg2 Na6 15. Bf4 Nc5 16. Qe3 Nd3+ 17. Ke2 Nxf4+ 18. gxf4 e6 19. Kf2 Be7 20. Nge2 Bh4+ 21. Ng3 Bd8 22. Ke2 Bb6 23. Qe4 f5 1/2-1/2

[Event "Zhukovsky op-A"]
[Site "Zhukovsky"]
[Date "2008.11.28"]
[Round "6"]
[White "Spitsyn, Mikhail"]
[Black "Belyaev, Oleg"]
[Result "1/2-1/2"]
[WhiteElo "1892"]
[BlackElo "2120"]
[PlyCount "91"]
[EventDate "2008.11.28"]
[EventType "swiss"]
[EventRounds "9"]
[EventCountry "RUS"]
[SourceTitle "EXT 2022"]
[Source "ChessBase"]
[SourceDate "2021.10.06"]
[SourceVersion "1"]
[SourceVersionDate "2021.10.06"]
[SourceQuality "1"]

1. d4 d5 2. Nf3 Nf6 3. c4 e6 4. g3 c6 5. Bg2 dxc4 6. Ne5 Nbd7 7. Nxc4 Nb6 8. Ne5 Bd6 9. 0-0 0-0 10. Nc3 Qc7 11. Nf3 Nbd5 12. Re1 e5 13. dxe5 Bxe5 14. Nxd5 cxd5 15. Nxe5 Qxe5 16. Qb3 b6 17. Bd2 Be6 18. Qb5 Bd7 19. Qb4 Ne4 20. Bf4 Qe6 21. Rad1 Bc6 22. Rd4 Rac8 23. Qb3 Rfe8 24. Rc1 Nc5 25. Qc3 Qxe2 26. Bxd5 Bxd5 27. Rxd5 Qa6 28. a3 Nb3 29. Qxb3 Rxc1+ 30. Bxc1 Re1+ 31. Kg2 Qf1+ 32. Kf3 Qh1+ 33. Kg4 h5+ 34. Kh3 Qf1+ 35. Kh4 Rxc1 36. Rd8+ Kh7 37. Qxf7 Qc4+ 38. Qxc4 Rxc4+ 39. Kxh5 Rc2 40. Ra8 Rxf2 41. h4 a5 42. b4 axb4 43. axb4 Rb2 44. Ra7 Rxb4 45. g4 Rc4 46. Rb7 1/2-1/2